000 00465nam a2200181Ia 4500
008 240925s9999 xx 000 0 und d
020 _a9789352863501
082 _a330.015195 STO
100 _aStock, James H
245 0 _aIntroduction to Econometrics
250 _a3rd
260 _aIndia:
_bPearson Education
_c,2018.
300 _a542p.
_bNA
_fOriginal
500 _aIncludes Index
600 _aSocial Sciences
650 _aSocial Sciences
942 _cBK
999 _c16569
_d16569